00381nam a22001457a 4500003000900000005001700009008004100026040001300067082001500080100002900095245003500124260004300159300002200202650001100224BDDh-ASL20231015025935.0210114s1967 pk ||||| |||| 00| 0 eng d cBDDh-ASL a297.8bABQ1 aNadwi, S. Abul Hasan Ali10aQadianism:bA Critical Study / aLahore: bSh. Muhammad Ashraf, c1967. a139 p.: c21 cm.  0aIslam